Detalles MARC
| 000 -CABECERA |
| campo de control de longitud fija |
02476nam a22003374i 4500 |
| 001 - NÚMERO DE CONTROL |
| campo de control |
991061597660606706 |
| 003 - IDENTIFICADOR DEL NÚMERO DE CONTROL |
| campo de control |
ES-BaIT |
| 005 - FECHA Y HORA DE LA ÚLTIMA TRANSACCIÓN |
| campo de control |
20260203094017.0 |
| 008 - DATOS DE LONGITUD FIJA--INFORMACIÓN GENERAL |
| campo de control de longitud fija |
260127s2022 sp 000 d cat c |
| 017 ## - NÚMERO DE COPYRIGHT O DE DEPÓSITO LEGAL |
| Número de copyright o de depósito legal |
DL PM 573-2021 |
| Agencia que asigna |
Oficina DL Mallorca |
| 020 ## - NÚMERO INTERNACIONAL ESTÁNDAR DEL LIBRO |
| Número Internacional Estándar del Libro |
9788412429831 |
| 040 ## - FUENTE DE LA CATALOGACIÓN |
| Centro catalogador/agencia de origen |
ES-BaIT |
| Lengua de catalogación |
cat |
| Normas de descripción |
rda |
| Centro/agencia transcriptor |
ES-BaIT |
| 080 ## - NÚMERO DE LA CLASIFICACIÓN DECIMAL UNIVERSAL |
| Número de la Clasificación Decimal Universal |
849.9-2"19" |
| 100 1# - ENTRADA PRINCIPAL--NOMBRE DE PERSONA |
| Nombre de persona |
Casas, Joan, |
| Fechas asociadas al nombre |
1950- |
| Término indicativo de función/relación |
autor |
| 9 (RLIN) |
12189 |
| 245 13 - MENCIÓN DE TÍTULO |
| Título |
La Cantant barbuda : |
| Resto del título |
una introducció al teatre de l'estúpid / |
| Mención de responsabilidad, etc. |
Joan Casas i Feliu Formosa ; pròleg: Miquel Mallafré ; il·lustracions i coberta Feliu Formosa |
| 264 #1 - PRODUCCIÓN, PUBLICACIÓN, DISTRIBUCIÓN, FABRICACIÓN Y COPYRIGHT |
| Producción, publicación, distribución, fabricación y copyright |
Mallorca : |
| Nombre del de productor, editor, distribuidor, fabricante |
Adia Edicions, |
| Fecha de producción, publicación, distribución, fabricación o copyright |
2022 |
| 300 ## - DESCRIPCIÓN FÍSICA |
| Extensión |
137 pàgines |
| Otras características físicas |
; |
| Dimensiones |
20 cm |
| 336 ## - TIPO DE CONTENIDO |
| Término de tipo de contenido |
text |
| Código de tipo de contenido |
txt |
| Fuente |
rdacontent |
| 337 ## - TIPO DE MEDIO |
| Nombre/término del tipo de medio |
sense mediació |
| Código del tipo de medio |
n |
| Fuente |
rdamedia |
| 338 ## - TIPO DE SOPORTE |
| Nombre/término del tipo de soporte |
volum |
| Código del tipo de soporte |
nc |
| Fuente |
rdacarrier |
| 490 1# - MENCIÓN DE SERIE |
| Mención de serie |
Col·lecció Jàssera ; |
| Designación de volumen o secuencia |
1 |
| 505 8# - NOTA DE CONTENIDO CON FORMATO |
| Nota de contenido con formato |
Conté: Diàlegs -- Programes de mà -- Dramatis personae -- Teatrins |
| 520 ## - SUMARIO, ETC. |
| Sumario, etc. |
"Estimats lectors,Què hi fem aquí reunits, llegint? Em temo que vostès, com jo mateix i aquests senyors del meu costat, hem estat engatussats per aquells senyors d’allà. Aquells senyors d’allà són els autors d’aquest artefacte que tenen a les mans a punt de llegir. Un moment, sisplau, tinguin una mica de paciència. Espero i desitjo que riguin les gràcies del llibre encara que no n’hi trobin cap, tinguin un gest de commiseració. Perquè, ben mirat, tots som víctimes d’aquell sabadellenc que feia intervius a les òlibes del campanar de la parròquia de Sant Fèlix. Un senyor que, no content amb l’assumpte de les òlibes, també va fer conversar una mula que fumava cigarretes amb un elefant boig al qual li agradaven els toros i atipar-se de percebes! En fi, ja em diran! Fer l’animal, en dic jo d’això! Perquè ho entenguin, aquell sensacional Senyor Banyeta de Sabadell és qui va inspirar els nostres escriptors, o sigui, aquests dos senyors estarrufats de la portada. D’aquesta inspiració n’han dit, ni més ni menys i sense pretensions, La cantant barbuda. Una introducció al teatre de l’estúpid! Doncs ja està tot dit.Vostès mateixos! Joaquim Armengol Roura -- Contracoberta |
| 650 #0 - PUNTO DE ACCESO ADICIONAL DE MATERIA--TÉRMINO DE MATERIA |
| Término de materia o nombre geográfico como elemento de entrada |
Teatre de l'absurd |
| Subdivisión de forma |
Textos dramàtics |
| 9 (RLIN) |
79538 |
| 700 1# - ENTRADA AGREGADA--NOMBRE PERSONAL |
| Nombre de persona |
Formosa, Feliu, |
| Fechas asociadas al nombre |
1934- |
| Término indicativo de función/relación |
autor, |
| -- |
il·lustrador |
| 9 (RLIN) |
19853 |
| 700 1# - ENTRADA AGREGADA--NOMBRE PERSONAL |
| Nombre de persona |
Mallafré Santilario, Miquel |
| Término indicativo de función/relación |
escriptor d'un pròleg |
| 9 (RLIN) |
168294 |
| 830 ## - PUNTO DE ACCESO ADICIONAL DE SERIE-TÍTULO UNIFORME |
| Título uniforme |
Col·lecció Jàssera |
| Designación de volumen o secuencia |
1 |
| 9 (RLIN) |
168250 |
| 908 ## - COLOCAR PARÁMETRO DE COMANDO (RLIN) |
| Colocar parámetro de comando |
CDMAE |
| 940 ## - EQUIVALENCIA O REFERENCIA-CRUZADA--TÍTULO UNIFORME [OBSOLETO] [solamente CAN/MARC] |
| Título uniforme |
<a href="CVA38">CVA38</a> |
| 942 ## - ELEMENTOS DE ENTRADA AGREGADA (KOHA) |
| Fuente del sistema de clasificación o colocación |
Clasificación decimal universal |
| Tipo de ítem Koha |
Llibre |